Muhabat aisa darya hai (Record no. 11492)
[ view plain ]
| 000 -LEADER | |
|---|---|
| fixed length control field | 00306nam a22001337a 4500 |
| 082 ## - DEWEY DECIMAL CLASSIFICATION NUMBER | |
| Classification number | 891.4391 |
| 100 ## - MAIN ENTRY--PERSONAL NAME | |
| Personal name | Amjad Islam Amjad |
| 245 ## - TITLE STATEMENT | |
| Title | Muhabat aisa darya hai |
| 260 ## - PUBLICATION, DISTRIBUTION, ETC. | |
| Place of publication, distribution, etc. | Lahore, |
| Name of publisher, distributor, etc. | Jahangir book dipo |
| Date of publication, distribution, etc. | 2004 |
| 300 ## - PHYSICAL DESCRIPTION | |
| Extent | 143p. : |
| 650 ## - SUBJECT ADDED ENTRY--TOPICAL TERM | |
| Topical term or geographic name entry element | Urdu poetry |
| 700 ## - ADDED ENTRY--PERSONAL NAME | |
| Personal name | Amjad Islam Amjad |
| 942 ## - ADDED ENTRY ELEMENTS (KOHA) | |
| Koha item type | Book |
| Withdrawn status | Lost status | Damaged status | Not for loan | Collection code | Permanent Location | Current Location | Shelving location | Date acquired | Source of acquisition | Cost, normal purchase price | Total Checkouts | Total Renewals | Full call number | Barcode | Date last seen | Date last checked out | Price effective from | Koha item type |
|---|---|---|---|---|---|---|---|---|---|---|---|---|---|---|---|---|---|---|
| Central Library (CL) | Central Library (CL) | General Stacks | 01/07/2013 | Allied Book Company | 240.00 | 3 | 4 | 891.4391 AMJ | SEECS011860 | 01/26/2026 | 02/15/2025 | 01/10/2013 | Book |
